000 01338nam0a2200313 4500
001 RU\NLR\bibl\156651
005 20250618052409.0
010 _a5-93206-011-5
_9300
021 _aRU
_b2001-2665
_9140
035 _a(NLR Aleph) 000153633
090 _a882250
_c882250
100 _a20010521d2000 |||y0rusy50 ca
101 0 _arus
102 _aRU
105 _aa |||||||||
200 1 _aПроблемы становления конституционного права в Республике Коми
_fЮ.В. Гаврюсов
_gКоми респ. акад. гос. службы и упр. при главе Респ. Коми
210 _aСыктывкар
_cКоми респ. акад. гос. службыи упр.
_d2000
215 _a274 с.
_cпортр.
_d20
300 _aВ конце кн. авт.: Ю.В. Гаврюсов, к.ю.н., засл. юрист Рос. Федерации
320 _aБиблиогр.: с. 270-274 (91 назв.)
606 0 _aКонституционное право
_yКоми, Республика
_92206666
_3RU\NLR\auth\661325761
686 _aХ620
700 1 _aГаврюсов
_bЮ. В.
_gЮрий Викторович
_4070
801 0 _aRU
_bNLR
_c20010521
_gPSBO
801 1 _aRU
_bNLR
_c20010521
830 _aавт. по кн.
942 _cBOOK
980 _aNB